Statistics for Dog Breeds in pictures

Click here to take the quiz!

General Stats

  • This quiz has been taken 26 times
  • The average score is 13 of 20

Answer Stats

Answer% Correct
Poodle
100%
Dalmatian
96%
Corgi
91%
Siberian Husky
91%
Beagle
87%
Labrador
87%
Border Collie
83%
Dachshund
83%
Pomeranian
78%
Greyhound
70%
Saint Bernard
70%
Alsatian
65%
Yorkshire Terrier
61%
Jack Russell
52%
Irish Wolfhound
48%
Shih Tzu
48%
King Charles Spaniel
22%
Springer Spaniel
17%
Staffordshire Terrier
17%
Red Setter
9%

Score Distribution

Percentile by Number Answered

Percent of People with Each Score

Your Score History

You have not taken this quiz